ბათუმის შოთა რუსთაველის სახელმწიფო უნივერსიტეტის ბიბლიოთეკა

კაფიები / (ბიბ.ჩანაწერი № 40309)

000 -ლიდერი
ფიქსირებული სიგრძის საკონტროლო ველი 00908nam a2200205Ia 4500
001 - საკონტროლო ნომერი
საკონტროლო ველი 6917
003 - საკონტროლო ნომრის იდენტიფიკატორი
საკონტროლო ველი GE_BSU
005 - ბოლო ოპერაციის თარიღი და დრო
საკონტროლო ველი 20200213140456.0
008 - ფიქსირებული სიგრძის მონაცემთა ელემენტები - ზოგადი ინფორმაცია
ფიქსირებული სიგრძის საკონტროლო ველი 181216s1973||||g |||||||||||||| ||geo||
040 ## - კატალოგიზაციის წყარო
Transcribing agency GE_BSU
041 ## - ენის კოდი
Language code of text/sound track or separate title geo
080 ## - უნივერსალური ათობითი კლასიფიკაციის ინდექსი
Universal Decimal Classification number 821.353.1+398(479.22) ყ-83
100 ## - მთავარი ჩანაწერი - პიროვნების სახელი
Personal name ყრუვ, გიორგი.
9 (RLIN) 7056
245 ## - ცნობა სათაურის შესახებ
Title კაფიები /
Remainder of title წიგნი შეადგინა, წინასიტყვაობა და შენიშვნები დაურთო ლევან ბოძაშვილმა ; რედ. ბესიკ ხარანაული.
264 ## - წარმოების, გამოცემის, დისტრიბუციის და სხვა ცნობები
გამოცემის, წარმოების, დისტრიბუციის... ადგილი თბილისი :
გამოცემის, წარმოების, დისტრიბუციის... სახელწოდება საბჭ.საქართველო,
გამოცემის, წარმოების, დისტრიბუციის... თარიღი 1973.
300 ## - ფიზიკური აღწერა
Extent 287 გვ. :
Other physical details ილ. ;
Dimensions 16 სმ.
653 ## - INDEX TERM--UNCONTROLLED
Uncontrolled term კაფიები
700 ## - ADDED ENTRY--PERSONAL NAME
Personal name ხარანაული, ბესიკ
Relator term რედაქტორი
9 (RLIN) 7057
942 ## - ADDED ENTRY ELEMENTS (KOHA)
Koha item type წიგნი
Source of classification or shelving scheme
ეგზემპლარები
ჩამოწერის სტატუსი დაკარგული ეგზემპლარის სტატუსი კლასიფიკაციის წყარო ან თაროზე გაწყობის სქემა დაზიანების სტატუსი არ გაიცემა მუდმივი მდებარეობა (დაცვის ადგილი) ამჟამინდელი ადგილსამყოფელი თაროზე განთავსების ადგილი შეძენის თარიღი ღირებულება, შესყიდვის ნორმალური ფასი სრული შენახვის შიფრი შტრიხკოდი ბოლო ოპერაციის თარიღი ეგზემპლარის მიმდევრობითი ნომერი (კეტერი?) ფასის ძალაში შესვლის თარიღი ეგზემპლარის სახეობა საჯარო შენიშვნა
          ბათუმის შოთა რუსთაველის სახელმწიფო უნივერსიტეტის მთავარი ბიბლიოთეკა ბათუმის შოთა რუსთაველის სახელმწიფო უნივერსიტეტის მთავარი ბიბლიოთეკა წიგნსაცავი 2018-12-17 0.48 821.353.1+398(479.22) ყ-83 14972 2018-12-17 14972 2018-12-17 წიგნი 0.48 ლ.